000
00320nas a22001337a 4500
001
T027600012146-00
008
190830b xxu||||| |||| 00| 0 esp |
040
_a
FEVP
_c
FEVP
245
_a
Visión: la revista Interamericana
260
_c
19811102
300
_a
16p.
650
_a
Integración--América Latina
942
_c
REV
999
_c
17022
_d
17022